Guess the 1970s song lyrics #266 - Statistics

General Stats
  • This quiz has been taken 11 times
  • The average score is 104 of 139
Answer Stats
Answer % Correct
be
100%
I
100%
it
100%
I've
100%
me
100%
my
100%
of
100%
the
100%
The
100%
They
100%
they
100%
This
100%
to
100%
what
100%
you
100%
And
89%
for
89%
got
89%
here
89%
I'm
89%
in
89%
is
89%
Oh
89%
oh
89%
one
89%
see
89%
time
89%
when
89%
gonna
78%
life
78%
Makin
78%
makin
78%
No
78%
no
78%
now
78%
Ooh
78%
ooh
78%
chance
67%
come
67%
mine
67%
more
67%
takin
67%
as
56%
Make
56%
some
56%
top
56%
coming
44%
these
44%
Through
44%
walk
44%
year
44%
year's
44%
bad
33%
breakin
33%
dig
33%
everyone
33%
Fakin
33%
gold
33%
Goodbye
33%
goods
33%
key
33%
ladder
33%
Listen
33%
looks
33%
neighborhoods
33%
poverty
33%
room
33%
solid
33%
stand
33%
Success
33%
uptown
33%
waiting
33%
brains
22%
chains
22%
Hello
22%
Number
22%
two
22%
No matching quizzes found
Score Distribution
Percent of People with Each Score
Percentile by Number Answered
Your Score History
You have not taken this quiz